History Quiz

Random History Quiz
Score 0/16 Timer 10:00
0 Plays Today
% Correct
Francis Scott Key
89.7%
Herman Melville
89.7%
Jerry Garcia
86.2%
Jason Momoa
79.3%
Sam Mendes
75.9%
Dom DeLuise
72.4%
Tempestt Bledsoe
72.4%
Chuck D
65.5%
% Correct
William Clark
55.2%
Doug Burgum
41.4%
Demian Bichir
34.5%
Jack O'Connell
34.5%
Robert Cray
27.6%
Giancarlo Giannini
27.6%
James Gleick
27.6%
Maria Mitchell
13.8%
Come Together.
Have Fun.
All Virtual.
We all need to come together. Play Sporcle's virtual live trivia to have fun, connect with people, and get your trivia on. Join a live hosted trivia game for your favorite pub trivia experience done virtually. If a virtual private party is more your thing, go here for details.

You're not logged in!

Compare scores with friends on all Sporcle quizzes.
OR
Log In

Sporcle TV

Today on Sporcle TV


Watch our educational content, quiz creation guides, and fun videos on Sporcle TV.

Show Comments

Extras

Created Feb 11, 2020ReportNominate
Tags:August, Famous People

Top Quizzes Today


Score Distribution

Paid Content

Your Account Isn't Verified!

In order to create a playlist on Sporcle, you need to verify the email address you used during registration. Go to your Sporcle Settings to finish the process.

Report this User

Report this user for behavior that violates our Community Guidelines.

Details: